College Basketball - All Final Four participants - Statistics

General Stats
  • This quiz has been taken 7,560 times
    30 since last reset
  • The average score is 266 of 338
Answer Stats
Hint Answer % Correct
1988 | 1994 | 1997 | +2 others Arizona
100%
1999 | 2004 | 2009 | +5 others Connecticut
100%
1963 | 1964 | 1966 | +15 others Duke
100%
2026 Illinois
100%
1964 | 1965 | 1976 | +5 others Michigan
100%
1946 | 1957 | 1967 | +16 others North Carolina
100%
1943 | 1947 | 2003 Texas
100%
1994 | 2000 | 2006 | +3 others Florida
95%
1949 | 1951 | 1952 | +2 others Illinois
95%
1942 | 1948 | 1949 | +14 others Kentucky
95%
1962 | 1964 | 1965 | +16 others UCLA
95%
1981 | 1984 | 2019 Virginia
95%
2019 | 2025 Auburn
91%
1967 | 1968 | 1982 | +4 others Houston
91%
1940 | 1952 | 1953 | +12 others Kansas
91%
1969 | 1980 | 2024 Purdue
91%
2019 Texas Tech
91%
1940 | 1954 USC
91%
2024 Alabama
86%
1948 | 1950 | 2021 Baylor
86%
1946 | 1959 | 1960 California
86%
1940 | 1953 | 1973 | +5 others Indiana
86%
1955 | 1956 | 1980 Iowa
86%
1957 | 1979 | 1999 | +7 others Michigan State
86%
2023 San Diego State
86%
1939 | 1971 | 1985 | +2 others Villanova
86%
2017 | 2021 Gonzaga
82%
1959 | 1972 | 1975 | +7 others Louisville
82%
2023 Miami-Fla
82%
1950 | 1974 | 1983 | 2024 NC State
82%
1939 Oregon
82%
1953 Washington
82%
1983 Georgia
77%
1944 Iowa State
77%
2001 | 2002 Maryland
77%
1939 | 1944 | 1945 | +8 others Ohio State
77%
1975 | 1987 | 1996 | +2 others Syracuse
77%
1944 | 1961 | 1966 | 1998 Utah
77%
1943 | 1982 | 1984 | +2 others Georgetown
73%
1948 | 1951 | 1958 | 1964 Kansas State
73%
2008 Memphis
73%
1973 | 1985 Memphis State
73%
1939 | 1947 | 1988 | 2002 Oklahoma
73%
1945 | 1946 | 1949 | 1951 Oklahoma A&M
73%
1995 | 2004 Oklahoma St
73%
2017 South Carolina
73%
1952 | 1985 St. John's
73%
1941 | 2000 | 2014 | 2015 Wisconsin
73%
2023 Florida Atlantic
68%
1972 Florida State
68%
1953 | 1981 | 1986 | 2006 LSU
68%
1942 | 1998 Stanford
68%
1977 | 1987 | 1990 | 1991 UNLV
68%
1941 Washington State
68%
1941 | 1945 | 1978 | +3 others Arkansas
64%
2010 | 2011 Butler
64%
1942 | 1955 Colorado
64%
1979 Indiana State
64%
1963 Loyola-Chicago
64%
1996 Massachusetts
59%
1997 Minnesota
59%
1996 Mississippi St
59%
1970 New Mexico St.
59%
1949 | 1963 Oregon State
59%
1955 | 1956 | 1957 San Francisco
59%
1962 Wake Forest
59%
2006 George Mason
55%
1990 | 2004 Georgia Tech
55%
1979 Pennsylvania
55%
1965 | 2013 Wichita State
55%
1974 | 1977 | 2003 Marquette
50%
1978 Notre Dame
50%
1954 Penn State
50%
1941 Pittsburgh
50%
1989 Seton Hall
50%
1956 SMU
50%
1966 Texas Western
50%
1959 | 2010 West Virginia
50%
1959 | 1960 | 1961 | +3 others Cincinnati
45%
1942 | 1944 Dartmouth
45%
1943 | 1979 DePaul
45%
1945 | 1960 NYU
45%
1965 Princeton
45%
1973 | 1987 Providence
45%
1976 Rutgers
45%
1969 Drake
41%
2011 VCU
41%
1943 Wyoming
41%
1967 Dayton
36%
1952 Santa Clara
36%
1947 CCNY
32%
1956 | 1958 Temple
32%
1950 CCNY
27%
1947 | 1948 Holy Cross
27%
1954 | 1955 La Salle
27%
1971 W. Kentucky
27%
1970 St. Bonaventure
23%
1961 St. Joseph's
23%
1940 Duquesne
18%
1970 Jacksonville
18%
1958 Seattle
14%
1977 UNC-Charlotte
14%
1950 | 1954 Bradley
9%
No matching quizzes found
Score Distribution
Percent of People with Each Score
Percentile by Number Answered
Your Score History
You have not taken this quiz since the last reset